000 00306nam a22001217a 4500
008 230704b xxu||||| |||| 00| 0 eng d
020 _a9231027166
082 _a341
_bBED 1991
245 _aInternational Law: Achievements and Prospects
260 _bUNESCO
_c1991
300 _aLVIII,1276p
942 _2ddc
_cBK
999 _c3935
_d3935